000
00268nam a2200109Ia 4500
008
200302s9999 xx 000 0 und d
100
_a
Jeremy Myerson & Other
245
_a
The Creative Office
260
_b
Laurence King Publication
260
_c
1999
300
_a
240 P.,
999
_c
5081
_d
5081